Corporate finance

محفوظ في:
التفاصيل البيبلوغرافية
المؤلف الرئيسي: Berk, Jonathan B.
التنسيق: كتاب
اللغة:Undetermined
منشور في: Boston Pearson 2017
الموضوعات:
الوسوم: إضافة وسم
لا توجد وسوم, كن أول من يضع وسما على هذه التسجيلة!
Thư viện lưu trữ: Trung tâm Học liệu Trường Đại học Cần Thơ
LEADER 00542nam a2200205Ia 4500
001 CTU_223909
008 210402s9999 xx 000 0 und d
020 |c 799000 
082 |a 658.15 
082 |b B512 
100 |a Berk, Jonathan B. 
245 0 |a Corporate finance 
245 0 |c Jonathan Berk, Peter DeMarzo 
260 |a Boston 
260 |b Pearson 
260 |c 2017 
650 |a Corporations,Tổng công ty 
650 |x Finance,Tài chính 
910 |b vdbang 
980 |a Trung tâm Học liệu Trường Đại học Cần Thơ